Diseño supervisión de la ejecución y evaluación de la eficiencia de un sistema de tratamiento para aguas grises mediante biojardineras en la ciudad de San Marcos
Presenta el diseño, construir y evaluar la eficiencia de un sistema de tratamiento para aguas grises mediante biojardineras en el municipio de San Marcos. La iniciativa de este estudio, donde se concatenaron los criterios de diseño, cálculos y parámetros de calidad del agua; a fin de cumplir con...
| Main Authors: | , |
|---|---|
| Other Authors: | |
| Format: | Tesis Section = Libro |
| Language: | Undetermined Spanish |
| Published: |
Managua
UNI
2016
|
| Subjects: |
| LEADER | 01310nam a2200265Ia 4500 | ||
|---|---|---|---|
| 008 | 240830s9999 xx 000 0 und d | ||
| 040 | |a BIBLIOTECA-RUPAP Mon 628.162 G934 | ||
| 041 | |a spa | ||
| 082 | |a Mon 628.162 G934 | ||
| 100 | 1 | |a Guerrero Guerrero, Osmil Belarmino | |
| 100 | 1 | |b Portobanco Alonso, Francisco José | |
| 245 | 1 | 0 | |a Diseño supervisión de la ejecución y evaluación de la eficiencia de un sistema de tratamiento para aguas grises mediante biojardineras en la ciudad de San Marcos |
| 260 | |a Managua |b UNI |c 2016 | ||
| 300 | |a 147 p. :il. | ||
| 500 | |a Contiene: anexos y CD. | ||
| 502 | |a Tesis (Ingeniero Civil)- UNI, 2016. | ||
| 520 | 3 | |a Presenta el diseño, construir y evaluar la eficiencia de un sistema de tratamiento para aguas grises mediante biojardineras en el municipio de San Marcos. La iniciativa de este estudio, donde se concatenaron los criterios de diseño, cálculos y parámetros de calidad del agua; a fin de cumplir con las normativas del Instituto Nicaragüense de Acueductos y Alcantarillados (INAA). | |
| 650 | 7 | |a AGUAS GRISES | |
| 650 | 7 | |b AGUAS PLUVIALES-REUTILIZACION | |
| 650 | 7 | |c TRATAMIENTO DE AGUAS GRISES | |
| 650 | 7 | |d AGUAS RESIDUALES | |
| 700 | 1 | |a Tutor: |b Castellón Zelaya, Mario Francisco | |
| 942 | |c BK |2 ddc | ||
| 991 | |a TESIS | ||
| 999 | |c 16278 | ||